La edad madura ; La casa natal / (Record no. 25969)
[ view plain ]
| 000 -CABECERA | |
|---|---|
| campo de control de longitud fija | 00850nam a2200229 a 4500 |
| 001 - NÚMERO DE CONTROL | |
| campo de control | 000026477 |
| 005 - FECHA Y HORA DE LA ÚLTIMA TRANSACCIÓN | |
| campo de control | 20200930030238.0 |
| 008 - DATOS DE LONGITUD FIJA--INFORMACIÓN GENERAL | |
| campo de control de longitud fija | 110203s1972 ag r 000 f spa d |
| 040 ## - FUENTE DE LA CATALOGACIÓN | |
| Centro catalogador/agencia de origen | DO-SdBNP |
| Lengua de catalogación | spa |
| Centro/agencia transcriptor | BNPHU |
| 041 17 - CÓDIGO DE LENGUA | |
| Código de lengua del texto/banda sonora o título independiente | eng |
| Código de lengua original | spa |
| Fuente del código | Código de idioma MARC |
| 082 ## - NÚMERO DE LA CLASIFICACIÓN DECIMAL DEWEY | |
| Número de clasificación | xxx |
| Número de documento/Ítem | J27e |
| 049 ## - FONDOS LOCALES (OCLC) | |
| Fondos de biblioteca | BNGR |
| 100 1# - ENTRADA PRINCIPAL--NOMBRE DE PERSONA | |
| Nombre de persona | James, Henry, |
| Fechas asociadas al nombre | 1843-1916. |
| 9 (RLIN) | 12819 |
| 240 10 - TÍTULO UNIFORME | |
| Título uniforme | The middle year. The birtnplace |
| Lenguaje de la obra | Español |
| 245 10 - MENCIÓN DE TÍTULO | |
| Título | La edad madura ; La casa natal / |
| Mención de responsabilidad, etc. | Henry James ; versión de Arturo Maccarini ; supervisión literaria de Raúl Gustavo Aguirre. |
| 260 ## - PUBLICACIÓN, DISTRIBUCIÓN, ETC. | |
| Lugar de publicación, distribución, etc. | Buenos Aires, (Argentina) : |
| Nombre del editor, distribuidor, etc. | Corregidor, |
| Fecha de publicación, distribución, etc. | 1972. |
| 300 ## - DESCRIPCIÓN FÍSICA | |
| Extensión | 147, [4] p. ; |
| Dimensiones | 19 cm. |
| 534 ## - NOTA SOBRE LA VERSIÓN ORIGINAL | |
| Encabezamiento principal del original | Título del original en inglés : |
| Mención de título del original | The middle year. The birtnplace |
| 700 1# - PUNTO DE ACCESO ADICIONAL--NOMBRE DE PERSONA | |
| Nombre de persona | Maccarini, Arturo |
| Término indicativo de función/relación | tr. |
| 9 (RLIN) | 53543 |
| 700 1# - PUNTO DE ACCESO ADICIONAL--NOMBRE DE PERSONA | |
| Nombre de persona | Aguirre, Raúl Gustavo |
| 9 (RLIN) | 52918 |
| 740 1# - PUNTO DE ACCESO ADICIONAL--TÍTULO RELACIONADO O ANALÍTICO NO CONTROLADO | |
| Título relacionado o analítico no controlado | La casa natal |
| Estado de retiro | Estado de pérdida | Restricciones de uso | No para préstamo | Código de colección | Localización permanente | Ubicación/localización actual | Ubicación en estantería | Fecha de adquisición | Número de inventario | Total de préstamos | Signatura topográfica completa | Código de barras | Fecha visto por última vez | Precio válido a partir de | Tipo de ítem Koha |
|---|---|---|---|---|---|---|---|---|---|---|---|---|---|---|---|
| Monografías: Libros y Folletos | General | General | En catalogación | 21.03.2011 | LF1 | xxx J27e | 26477-10 | 25.06.2020 | 25.06.2020 | Préstamo en sala |
